| 000 | 01715nam0a2200349 4500 | ||
|---|---|---|---|
| 001 | RU\NLR\BIBL_A\022620849 | ||
| 005 | 20251204170013.0 | ||
| 010 |
_a978-5-392-44433-5 _91000 |
||
| 021 |
_aRU _bКН-П-25-043968 _9КН-П-25-4277 |
||
| 035 | _a(NLR Aleph) 022620849 | ||
| 090 |
_a13496673 _c13496673 |
||
| 100 | _a20250912d2025 u y0rusy50 ca | ||
| 101 | 0 | _arus | |
| 102 | _aRU | ||
| 105 | _aachbz 000yy | ||
| 181 | 0 |
_ai3 _baxxe |
|
| 182 | 0 | _an | |
| 200 | 1 |
_aЧерная книга _eметодические материалы по истории "украинского вопроса" _fРоссийское военно-историческое общество _gсоставители: Шполянский Д. В. [и др.] _gредактор-составитель М. Ю. Мягков |
|
| 203 |
_aТекст _bвизуальный _cнепосредственный |
||
| 210 |
_aМосква _cПроспект _cРоссийское военно-историческое общество _d2025 |
||
| 215 |
_a94, [2] с. _cил., портр., факс., карт. _d17 |
||
| 320 | _aБиблиогр. в конце кн. (8 назв.) | ||
| 607 |
_aУкраина _xИстория _2nlr_sh1 _2nlr_sh2 _3RU\NLR\AUTH\661265424 |
||
| 686 | 1 | _aТ3(2Ук)0,02 | |
| 702 | 1 |
_aШполянский _bД. В. _f1989- _gДенис Валентинович _4220 |
|
| 702 | 1 |
_aМягков _bМ. Ю. _f1968- _gМихаил Юрьевич _4340 |
|
| 712 | 0 | 2 |
_aРоссийское военно-историческое общество _3RU\NLR\AUTH\8810247614 _4570 |
| 942 | _cBOOK | ||
| 980 | _aNB | ||